| 000 | 00987nam a22002057a 4500 | ||
|---|---|---|---|
| 005 | 20210325192428.0 | ||
| 008 | s2545 th tha d | ||
| 041 | _atha | ||
| 090 | _aว HJ9574.55.Z6A3 ศ735ห 2545 | ||
| 100 | 0 | _aศุภัช ศุภชลาศัย | |
| 245 | 1 | 0 | _aเหตุผลและความจำเป็นของการกระจายอำนาจทางการคลัง (โครงการที่ 1) |
| 260 | 3 |
_aกรุงเทพฯ : _bสำนักงานกองทุนสนับสนุนการวิจัย, _c2545 |
|
| 300 |
_a1 เล่ม : _b ตาราง, แผนผัง ; _c 29 ซม. |
||
| 650 | 0 | 4 | _aการกระจายอำนาจทางการคลัง -- วิจัย |
| 650 | 0 | 4 | _aการคลังท้องถิ่น -- วิจัย |
| 850 | _aNALT | ||
| 942 | _cRSH | ||
| 997 |
_c000000000031541 _kVC |
||
| 998 | _aSOPAPORN | ||
| 999 |
_c31541 _d31541 |
||